Przez jakie kraje płynie ta rzeka? - Statystyki

Ogólne statystyki
  • Ten quiz został rozwiązany 275 razy
  • Średni wynik to 11 z 16
Statystyki odpowiedzi
Rzeka Państwo % Poprawnych
Nil Burundi, Rwanda, Tanzania, Uganda, Sudan Południowy, Sudan, Egipt
98%
Dunaj Niemcy, Austria, Słowacja, Węgry, Chorwacja, Serbia, Bułgaria, Rumunia, Ukraina, Mołdawia
98%
Niger Gwinea, Mali, Niger, Benin, Nigeria
96%
Dniepr Rosja, Białoruś, Ukraina
95%
Rio Grande Stany Zjednoczone, Meksyk
91%
Amur Mongolia, Chiny, Rosja
89%
Brahmaputra Chiny, Indie, Bangladesz
86%
Eufrat Turcja, Syria, Irak
86%
São Francisco Brazylia
80%
Zambezi Angola, Namibia, Zimbabwe, Zambia, Mozambik
71%
Churchill Kanada
65%
Limpopo Południowa Afryka, Botswana, Zimbabwe, Mozambik
55%
Orinoko Kolumbia, Wenezuela
43%
Syr-daria Kirgistan, Tadżykistan, Uzbekistan, Kazachstan
41%
Amu-daria Afganistan, Tadżykistan, Turkmenistan, Uzbekistan
32%
Okawango Angola, Namibia, Botswana
24%
Nie znaleziono quizów pasujących do podanych kryteriów
Rozkład punktacji
Procent ludzi z każdym wynikiem
Percentyl według liczby udzielonych odpowiedzi
Twoja historia wyników
Nie rozwiązałeś tego quizu